[Event "Indywidualne Mistrzostwa Polski do lat 20"]
[Site "Osrodek „SUDETY”, Pokrzywna 75"]
[Date "1899-12-30"]
[Round "9.24"]
[White "Lechowski, Witold"]
[Black "Stefaniuk, Zbigniew"]
[Result "0-1"]
[WhiteTitle "II"]
[BlackTitle "II+"]
[WhiteElo "1701"]
[BlackElo "1601"]

1. d4 Nf6 2. c4 d6 3. Nc3 e5 4. Nf3 Nbd7 5. dxe5 dxe5 6. Bg5 c6 7. e3 Be7 8. Bd3
O-O 9. Bf5 Qc7 10. O-O Nc5 11. Qc2 g6 12. Bxc8 Raxc8 13. h3 Ne6 14. Bh4 Rcd8 15.
Rfd1 Ng7 16. e4 Nfh5 17. Bxe7 Qxe7 18. Ne2 f6 19. Qb3 Ne6 20. Qe3 Qc5 21. Qb3
Qb6 22. Qc2 Nhf4 23. Nxf4 Nxf4 24. b3 Rxd1+ 25. Rxd1 Rd8 26. Rd2 Kf8 27. Qd1 Ke7
28. h4 a5 29. g3 Nh3+ 30. Kg2 Nxf2 31. Qe2 Ng4 32. Rxd8 Qxd8 33. Ne1 Qd1 34. Qxd1
Ne3+ 35. Kf3 Nxd1 36. Nd3 Nc3 37. Nc1 f5 38. exf5 gxf5 39. Ke3 Kd6 40. Kd3 Ne4
41. Ne2 a4 42. b4 b5 43. cxb5 cxb5 44. Ke3 Nxg3 45. Nc3 Kc6 46. Kf3 Ne4 47. Nxe4
fxe4+ 48. Kxe4 Kd6 49. h5 h6 50. Kf5 Kd5 51. Kg6 e4 52. Kxh6 e3 53. Kg7 e2 54.
h6 e1=Q 55. h7 Kc4 56. h8=Q Qa1+ 57. Kh7 Qxh8+ 58. Kxh8 Kxb4 59. Kg7 Ka3 60. Kf6
0-1